| 000 | 00648cam a2200205 a 4500 | ||
|---|---|---|---|
| 999 |
_c57399 _d57399 |
||
| 001 | 14757834 | ||
| 005 | 20221118121702.0 | ||
| 008 | 070305s2014 njuab b 001 0 eng | ||
| 020 | _a9780132221382x | ||
| 041 | _aenk | ||
| 080 | _a624.1 L-82 | ||
| 100 | 1 |
_aLiu, Cheng _d1937- _98437 |
|
| 245 | 1 | 0 |
_aSoils and foundations / _cCheng Liu, Jack B. Evett. |
| 250 | _aEight edition | ||
| 264 |
_aUpper Saddle River, N.J. : _bPearson/Prentice Hall, _c2014. |
||
| 300 |
_a270 p. : _bill., map ; _c28 cm. |
||
| 653 | _aნიადაგის მექანიკა | ||
| 700 | 1 |
_aEvett, Jack B., _d1942- _eავტორი _98440 |
|
| 942 |
_2udc _cBK |
||